|
|
|
|
| LEADER |
00989nam a22002777a 4500 |
| 001 |
4241 |
| 003 |
BD-DhAAL |
| 005 |
20150301114840.0 |
| 008 |
150301r19941986enk 001 0 eng d |
| 010 |
|
|
|a gb 94092578
|
| 020 |
|
|
|a 0750621826 (pbk) :
|
| 040 |
|
|
|a UKM
|c UKM
|d EQF
|d BD-DhAAL
|
| 082 |
0 |
4 |
|a 658
|2 20
|
| 090 |
|
|
|a HD31
|b .D7713 1994
|
| 100 |
1 |
|
|a Drucker, Peter F.
|q (Peter Ferdinand),
|d 1909-2005.
|9 8881
|
| 245 |
1 |
4 |
|a The frontiers of management :
|b where tomorrow's decisions are being shaped today /
|c Peter F. Drucker.
|
| 260 |
|
|
|a Oxford :
|b Butterworth Heinemann,
|c 1994, c1986.
|
| 300 |
|
|
|a xi, 368 p.
|
| 500 |
|
|
|a Originally published: New York : Dutton, 1986.
|
| 500 |
|
|
|a Includes index.
|
| 541 |
|
|
|e 4241
|
| 650 |
|
0 |
|a Management.
|9 8882
|
| 650 |
|
0 |
|a Industrial management.
|9 8883
|
| 942 |
|
|
|2 ddc
|c BK
|
| 999 |
|
|
|c 33831
|d 33831
|
| 952 |
|
|
|0 0
|1 0
|2 ddc
|4 0
|6 658_000000000000000_DRU
|7 0
|9 52820
|a SCL
|b SCL
|c GEN
|d 2015-03-01
|g 445.00
|l 0
|o 658 DRU
|p 3020004241
|r 2015-03-01
|t 1
|w 2015-03-01
|y BK
|